000 00600cam a2200157 4500500
005 20260201101441.0
041 _afre
042 _adc
100 1 0 _aMellon, Christian
_eauthor
245 0 0 _aJustice et Paix-France, Notre mode de vie est-il durable ?, Karthala, 2005, 224 p., 18 €
260 _c2006.
500 _a18
520 _aResumé Le rôle irremplaçable de l’écrit pour former une opinion publique.
786 0 _nRevue Projet | 290 | 1 | 2006-01-01 | p. 091f-93f | 0033-0884
856 4 1 _uhttps://shs.cairn.info/revue-projet-2006-1-page-091f?lang=fr&redirect-ssocas=7080
999 _c1640983
_d1640983